Localidades Italianas por Imagen - Estadísticas

Estadísticas generales
  • Esta prueba ha sido intentada 66 veces
  • La puntuación promedio es 10 de 16
Estadísticas de respuestas
Imagen Respuesta % Correcto
Roma
100%
Florencia
98%
Milán
98%
Pisa
98%
Nápoles
91%
Venecia
91%
Turín
85%
Génova
65%
Bolonia
64%
Verona
60%
Siena
49%
Amalfi
33%
Manarola
33%
Lucca
27%
Lago de Como
5%
Chianti
4%
No se encontraron pruebas coincidentes
Distribución de puntuación
Porcentaje de gente con cada puntuación
Porcentaje por número respondido
Historial de tus puntuaciones
No has intentado esta prueba.